Desarrollo de la cutícula y de las ceras epicuticulares del pericarpio de frutos de plantas de girasol (Helianthus annuus L.) crecidas en condiciones naturales bajo dos regímenes hídricos /
Guardado en:
| Autor Principal: | |
|---|---|
| Otros Autores: | |
| Formato: | Manuscrito |
| Idioma: | Spanish |
| Publicado: |
2008.
|
| Materias: | |
| Etiquetas: |
Agregar Etiqueta
Sin Etiquetas, Sea el primero en etiquetar este registro!
|
| LEADER | 01080ntm a22002175a 4500 | ||
|---|---|---|---|
| 001 | EEA.libagro009358 | ||
| 005 | 20140212130514.0 | ||
| 008 | 080520s2008####ag#######bm###000#0#spa#d | ||
| 100 | 1 | |a Franchini, María Clara. | |
| 245 | 1 | 0 | |a Desarrollo de la cutícula y de las ceras epicuticulares del pericarpio de frutos de plantas de girasol (Helianthus annuus L.) crecidas en condiciones naturales bajo dos regímenes hídricos / |c María Clara Franchini. |
| 260 | |c 2008. | ||
| 300 | |a xvii, 83 h. : |b il. (principalmente col.) ; |c 30 cm. | ||
| 500 | |a "Tesis de Magíster en Ciencias Agrarias". | ||
| 500 | |a Director de tesis: Luis. F. Hernández. | ||
| 502 | |a Tesis (magíster)--Universidad Nacional del Sur. Departamento de Agronomía, 2008. | ||
| 504 | |a Incluye referencias bibliográficas (p. 73-83). | ||
| 650 | 7 | |a Girasoles. |2 unbist | |
| 650 | 7 | |a Plantas de semillas oleaginosas. |2 unbist | |
| 700 | 1 | |a Hernández, Luis F. |q (Luis Francisco) | |
| 710 | 2 | |a Universidad Nacional del Sur. |b Departamento de Agronomía. |4 dgg. | |
| 859 | |a AR-BbBCA |b BIB. AGRONOMIA |h 040 |i B148 2008-849 |p 119051/008 | ||
